Сегментация изображения с помощью программного средства MatLab; Информационные технологии в науке, управлении, социальной сфере и медицине

Detaylı Bibliyografya
Parent link:Информационные технологии в науке, управлении, социальной сфере и медицине.— 2015.— [С. 227-229]
Yazar: Чан Тхюи Зунг
Müşterek Yazar: Национальный исследовательский Томский политехнический университет (ТПУ)
Özet:Заглавие с титульного экрана
In computer vision, image segmentation is the process of partitioning a digital image intomultiple segments (sets of pixels, also known as superpixels). The goal of segmentation is to simplify and/orchange the representation of an image into something that is more meaningful and easier to analyze. Imagesegmentation is typically used to locate objects and boundaries (lines, curves, etc.) in images. More precisely,image segmentation is the process of assigning a label to every pixel in an image such that pixels with thesame label share certain characteristics. The result of image segmentation is a set of segments that collectivelycover the entire image, or a set of contours extracted from the image.
Dil:Rusça
Baskı/Yayın Bilgisi: 2015
Seri Bilgileri:Информационные системы и технологии
Konular:
Online Erişim:http://earchive.tpu.ru/handle/11683/17341
http://www.lib.tpu.ru/fulltext/c/2015/C24/101.pdf
Materyal Türü: MixedMaterials Elektronik Kitap Bölümü
KOHA link:https://koha.lib.tpu.ru/cgi-bin/koha/opac-detail.pl?biblionumber=613815

MARC

LEADER 00000naa2a2200000 4500
001 613815
005 20231101132757.0
035 |a (RuTPU)RU\TPU\conf\11972 
035 |a RU\TPU\conf\11969 
090 |a 613815 
100 |a 20150901d2015 k y0rusy50 ca 
101 0 |a rus  |d eng 
102 |a RU 
105 |a y z 101zy 
135 |a drcn ---uucaa 
181 0 |a i  
182 0 |a b 
200 1 |a Сегментация изображения с помощью программного средства MatLab  |d Image segmentation by software MatLab  |f Чан Тхюи Зунг 
203 |a Текст  |c электронный 
225 1 |a Информационные системы и технологии 
230 |a 1 компьютерный файл (pdf; 392 Kb) 
300 |a Заглавие с титульного экрана 
320 |a [Библиогр.: с. 229 (2 назв.)] 
330 |a In computer vision, image segmentation is the process of partitioning a digital image intomultiple segments (sets of pixels, also known as superpixels). The goal of segmentation is to simplify and/orchange the representation of an image into something that is more meaningful and easier to analyze. Imagesegmentation is typically used to locate objects and boundaries (lines, curves, etc.) in images. More precisely,image segmentation is the process of assigning a label to every pixel in an image such that pixels with thesame label share certain characteristics. The result of image segmentation is a set of segments that collectivelycover the entire image, or a set of contours extracted from the image. 
337 |a Adobe Reader 
463 0 |0 (RuTPU)RU\TPU\conf\11725  |t Информационные технологии в науке, управлении, социальной сфере и медицине  |o сборник научных трудов II Международной конференции, 19-22 мая 2015 г., Томск  |f Национальный исследовательский Томский политехнический университет (ТПУ) ; ред. кол. О. Г. Берестнева [и др.]  |v [С. 227-229]  |d 2015 
510 1 |a Image segmentation by software MatLab  |z eng 
610 1 |a труды учёных ТПУ 
610 1 |a электронный ресурс 
610 1 |a сегментация 
610 1 |a программные средства 
610 1 |a MATLAB 
610 1 |a пороговые преобразования 
610 1 |a гистограммы 
700 0 |a Чан Тхюи Зунг 
712 0 2 |a Национальный исследовательский Томский политехнический университет (ТПУ)  |c (2009- )  |2 stltpush  |3 (RuTPU)RU\TPU\col\15902 
801 2 |a RU  |b 63413507  |c 20210129  |g RCR 
856 4 |u http://earchive.tpu.ru/handle/11683/17341 
856 4 |u http://www.lib.tpu.ru/fulltext/c/2015/C24/101.pdf 
942 |c BK